Statistics for Sarajevo Int. Airport Destinations (Sarajevo, Bosnia & Herzegovina)

Click here to take the quiz!

General Stats

  • This quiz has been taken 45 times
  • The average score is 22 of 30

Answer Stats

AirlineDestination% Correct
Air SerbiaBelgrade
100%
flydubaiDubai (International)
100%
Turkish AirlinesIstanbul
100%
AnadoluJet/Pegasus AirlinesIstanbul (Sabiha Gokcen)
100%
Austrian AirlinesVienna
94%
Norwegian Air ShuttleOslo
91%
Air MontenegroPodgorica
91%
Croatia AirlinesZagreb
91%
Qatar AirwaysDoha
89%
Jordan AviationAmman
86%
Jazeera Airways/Kuwait AirwaysKuwait City
86%
LOT Polish AirlinesWarsaw (Chopin)
86%
Swiss International Air LinesZurich
86%
flyadeal/flynasRiyadh
83%
LufthansaFrankfurt
80%
TUI AirwaysLondon (Gatwick)
80%
Wizz AirLondon (Luton)
80%
AnadoluJet/Freebird Airlines/Pegasus Airlines/Tailwind AirlinesAntalya
77%
EurowingsCologne/Bonn
69%
flynasJeddah
66%
Norwegian Air ShuttleStockholm (Arlanda)
66%
EurowingsStuttgart
66%
Gulf AirBahrain
63%
Air CairoHurghada
60%
AnadoluJet/Freebird AirlinesBodrum
49%
Air MontenegroTirana
49%
Aegean AirlinesSkopje
43%
NouvelairMonastir
40%
SalamAirMuscat
40%
Air ArabiaSharjah
37%

Score Distribution

Percentile by Number Answered

Percent of People with Each Score

Your Score History

You have not taken this quiz